Caractéristiques de la position anatomique de réference - Statistiques

Statistiques générales
  • Ce quiz a été pris 10 fois
  • Le résultat moyen est 2 sur 9
Statistiques - réponses
Caractéristiques Réponse % Correct
1 Debout
100%
2 De face
33%
6 Bras le long du corps
17%
3 Jambes jointes
17%
7 Mains en supination
17%
9 pénis au repos
17%
4 Pieds droits
17%
5 Regard horizontal
17%
8 petits doigts au niveau des cuisses
0%
Aucun quiz correspondant
Distribution des résultats
% des personnes avec chaque résultat
Percentile par nombre de réponses
Votre historique - résultats
Vous n’avez pas pris ce quiz